Jewish Populations of Europe in 1933 - Statistics

General Stats
  • This quiz has been taken 679 times
    489 since last reset
  • The average score is 21 of 23
Answer Stats
Population Country (alpahbetical) % Correct
3,000,000 Poland
98%
2,500,000 USSR
98%
500,000 Germany
97%
300,000 Great Britain
97%
5,000 Spain
96%
250,000 France
95%
450,000 Hungary
93%
7,000 Sweden
93%
200,000 Austria
92%
60,000 Belgium
92%
50,000 Italy
92%
1,000 Norway
92%
70,000 Yugoslavia
92%
150,000 Netherlands
91%
400 Portugal
91%
750,000 Romania
91%
6,000 Denmark
90%
70,000 Greece
90%
2,000 Finland
89%
50,000 Bulgaria
86%
21,000 Switzerland
86%
350,000 Czechoslovakia
84%
200 Albania
80%
No matching quizzes found
Score Distribution
Percent of People with Each Score
Percentile by Number Answered
Your Score History
You have not taken this quiz since the last reset